MARC details
| 000 -LEADER |
| fixed length control field |
01299cam a22003254a 4500 |
| 001 - CONTROL NUMBER |
| control field |
12841471 |
| 003 - CONTROL NUMBER IDENTIFIER |
| control field |
GZU |
| 005 - DATE AND TIME OF LATEST TRANSACTION |
| control field |
20201006123646.0 |
| 008 - FIXED-LENGTH DATA ELEMENTS--GENERAL INFORMATION |
| fixed length control field |
020702s2003 enka b 001 0 eng |
| 010 ## - LIBRARY OF CONGRESS CONTROL NUMBER |
| LC control number |
2002109391 |
| 020 ## - INTERNATIONAL STANDARD BOOK NUMBER |
| International Standard Book Number |
0761971092 (pbk.) |
| 035 ## - SYSTEM CONTROL NUMBER |
| System control number |
(DLC) 2002109391 |
| 040 ## - CATALOGING SOURCE |
| Original cataloging agency |
DLC |
| Transcribing agency |
DLC |
| Modifying agency |
DLC |
| 042 ## - AUTHENTICATION CODE |
| Authentication code |
pcc |
| 050 00 - LIBRARY OF CONGRESS CALL NUMBER |
| Classification number |
H62 |
| Item number |
.QUA 2003 |
| 245 00 - TITLE STATEMENT |
| Title |
Qualitative research practice : |
| Remainder of title |
a guide for social science students and researchers / |
| Statement of responsibility, etc. |
edited by Jane Ritchie and Jane Lewis. |
| 260 ## - PUBLICATION, DISTRIBUTION, ETC. |
| Place of publication, distribution, etc. |
London ; |
| -- |
Thousand Oaks, Calif. : |
| Name of publisher, distributor, etc. |
Sage Publications, |
| Date of publication, distribution, etc. |
2003. |
| 300 ## - PHYSICAL DESCRIPTION |
| Extent |
xv, 336 p. : |
| Other physical details |
ill. ; |
| Dimensions |
25 cm. |
| 504 ## - BIBLIOGRAPHY, ETC. NOTE |
| Bibliography, etc. note |
Includes bibliographical references (p. [321]-330) and index. |
| 650 #0 - SUBJECT ADDED ENTRY--TOPICAL TERM |
| Topical term or geographic name entry element |
Social sciences |
| General subdivision |
Research. |
| 650 #0 - SUBJECT ADDED ENTRY--TOPICAL TERM |
| Topical term or geographic name entry element |
Social sciences |
| General subdivision |
Methodology. |
| 650 #0 - SUBJECT ADDED ENTRY--TOPICAL TERM |
| Topical term or geographic name entry element |
Qualitative research. |
| 700 1# - ADDED ENTRY--PERSONAL NAME |
| Personal name |
Ritchie, Jane. |
| Relator term |
editor |
| 700 1# - ADDED ENTRY--PERSONAL NAME |
| Personal name |
Lewis, Jane, |
| Dates associated with a name |
1962- |
| Relator term |
editor |
| 856 41 - ELECTRONIC LOCATION AND ACCESS |
| Materials specified |
Table of contents only |
| Uniform Resource Identifier |
<a href="http://www.loc.gov/catdir/toc/fy037/2002109391.html">http://www.loc.gov/catdir/toc/fy037/2002109391.html</a> |
| 856 42 - ELECTRONIC LOCATION AND ACCESS |
| Materials specified |
Publisher description |
| Uniform Resource Identifier |
<a href="http://www.loc.gov/catdir/enhancements/fy0658/2002109391-d.html">http://www.loc.gov/catdir/enhancements/fy0658/2002109391-d.html</a> |
| 906 ## - LOCAL DATA ELEMENT F, LDF (RLIN) |
| a |
7 |
| b |
cbc |
| c |
orignew |
| d |
2 |
| e |
epcn |
| f |
20 |
| g |
y-gencatlg |
| 942 ## - ADDED ENTRY ELEMENTS (KOHA) |
| Source of classification or shelving scheme |
Library of Congress Classification |
| Koha item type |
Books |
| Classification part |
62 |
| Item part |
RIT |
| Call number prefix |
H |